| 000 | 01742nam a2200265 4500 | ||
|---|---|---|---|
| 001 | vtls002459960 | ||
| 003 | MY-SjTCS | ||
| 005 | 20200306154113.0 | ||
| 008 | 110218s1986 onca 001 eng | ||
| 020 | _a0075489775 | ||
| 039 | 9 |
_a201910031205 _bummi _c201102181237 _dVLOAD _y200407271940 _zVLOAD |
|
| 082 | 0 | 4 |
_a428.202465 _bSTE |
| 100 | 1 |
_aStewart, Marie M., _d1899- _9206939 |
|
| 245 | 1 | 0 |
_aBusiness English and communication / _cMarie M. Stewart, Kenneth Zimmer, Lyn R. Clark ; adapted by Valerie S. Hume |
| 250 | _a3rd Canadian ed. | ||
| 260 |
_aToronto, Ont. : _bMcGraw-Hill Ryerson, _cc1986. |
||
| 300 |
_axv, 630 p. : _bill. ; _c25 cm. |
||
| 505 | 0 | _aPt. 1. Communicating in your world. Ch. 1. The impact of modern communication technology. network. - Pt. 2. Developing reading skills. Ch. 2. The art of reading. - Pt. 3. Improving your basic word skills. Ch. 3 Words and word references. - Pt. 4. Developing your language skills. Ch. 4. Grammar. Ch. 5. Punctuation and punctuation style. - Pt. 5. Understanding the communication process. Ch. 6. The psychology of effective communication. - Pt. 6. Writing messages the get results. Ch. 7. The craft of writing. Ch. 8. Planning and writing your letters. Ch. 9. Memos, reports, and other communications. - Pt. 7. Developing listening and speaking skills. Ch. 10. The art of listening. Ch. 11. The art of effective speaking. - Pt. 8. Communicating to get a job. Ch. 12. Writing and speaking to get a job. - Appendix. - Index. | |
| 650 | 0 |
_aEnglish language _xBusiness English. _94891 |
|
| 650 | 0 |
_aLanguage arts _9106110 |
|
| 700 | 1 |
_aClark, Lyn _e(j.a.) _950352 |
|
| 700 | 1 |
_aHume, Valarie S. _9206940 |
|
| 700 | 1 |
_aZimmer, Kenneth, _d1921 - _e(j.a.) _93359 |
|
| 920 | _aCPU : 62845 | ||
| 999 | _c25118 | ||